000 00643nac a22002051u 4500
020 _a8127208930
082 _a332
_bP3241
090 _c1044
_d1044
100 _aPaul, R. P.
245 _aMonetary economics /
_cR. P. Paul.
250 _a1st ed.
260 _aNew Delhi :
_bKalyani publishers,
_c2003.
300 _a351 p. :
_bill. ;
_c24 cm.
500 _aIncludes index.
650 _aMoney.
650 _aMonetary policy.
650 _aFinancial institutions.
942 _cBB
_k332P3241
999 _c1044
_d1044